[Event "It (open)"]
[Site "masterchessopen.com Voronezh (Russia)"]
[Date "2008.06.19"]
[Round "7"]
[White "Sanzhaev Darsen (RUS)"]
[Black "Kurukin Dmitry (RUS)"]
[Result "1-0"]
[WhiteElo "2082"]
[BlackElo "2186"]

1.d4 Nf6 2.c4 e6 3.Nc3 Bb4 4.e3 O-O 5.Bd3 d5 6.Nf3 c5 7.O-O Nc6 8.a3 Bxc3
9.bxc3 Qc7 10.cxd5 exd5 11.a4 c4 12.Bc2 Bg4 13.Ba3 Rfe8 14.Qc1 Bh5 15.Re1 Rad8
16.Nd2 Bg6 17.f3 Bxc2 18.Qxc2 a6 19.Rab1 g6 20.e4 Qd7 21.Nf1 b5 22.Ng3 h5
23.e5 Nh7 24.f4 h4 25.Nf1 bxa4 26.Ne3 Rb8 27.Rxb8 Rxb8 28.Bd6 Rb3 29.Nxd5 a3
30.Ne3 {#r} 1-0

[Event "It (open)"]
[Site "masterchessopen.com Balaguer (Spain)"]
[Date "2008.07.23"]
[Round "10"]
[White "Garcia Vicente Nieves (ESP)"]
[Black "Rubio Mejia Luis Ignacio (ESP)"]
[Result "0-1"]
[WhiteElo "2220"]
[BlackElo "2359"]

1.d4 Nf6 2.c4 e6 3.Nc3 Bb4 4.e3 O-O 5.Bd3 d5 6.Nf3 c5 7.O-O Nc6 8.a3 Bxc3
9.bxc3 Qc7 10.cxd5 exd5 11.a4 Re8 12.Ba3 c4 13.Bc2 Bg4 14.h3 Bh5 15.g4 Bg6
16.Nh4 Re6 17.Ng2 Qd7 18.Nf4 Ree8 19.Bxg6 hxg6 20.Rb1 g5 21.Ne2 Na5 22.Rb5 b6
23.Ng3 Nb3 24.Re1 Re6 25.Qf3 Nd2 26.Qf5 g6 27.Qc2 Nf3+ 28.Kf1 Nxe1 29.Kxe1
Rae8 30.Kf1 Ne4 31.Nxe4 Rxe4 32.Qe2 Qc6 33.Qf3 a6 34.Rb4 b5 35.axb5 axb5
36.Rb1 Ra8 37.Bc5 Kg7 38.Qe2 Ra5 39.Bb4 Ra4 40.Bc5 Qa6 41.Kg2 Ra2 42.Qf3 Qc6
43.Kg1 Re6 44.Qg3 Rf6 45.Rf1 Qe6 46.Qb8 Raxf2 47.Rxf2 Qxe3 {#R} 0-1

[Event "It (open)"]
[Site "masterchessopen.com Vladimir (Russia)"]
[Date "2008.08.20"]
[Round "8"]
[White "Kovalenko Igor (UKR)"]
[Black "Bagirov Rufat (AZE)"]
[Result "0-1"]
[WhiteElo "2453"]
[BlackElo "2486"]

1.d4 d5 2.c4 e6 3.Nc3 Bb4 4.Nf3 Nf6 5.e3 O-O 6.Bd3 c5 7.O-O Nc6 8.a3 Bxc3
9.bxc3 Qc7 10.cxd5 exd5 11.h3 c4 12.Bc2 Re8 13.Nd2 b5 14.f3 Bxh3 15.Qe1 Bd7
16.e4 Bf5 17.Bb1 Bg6 18.e5 Nxe5 19.dxe5 Rxe5 20.Qf2 Rae8 21.Qd4 Rh5 22.f4 Ng4
23.Nf3 Bxb1 24.Rxb1 Re4 25.Re1 h6 26.Rxe4 dxe4 27.Ne5 Nxe5 28.fxe5 Qxe5
29.Qxe5 Rxe5 30.Be3 a6 31.Rd1 Re6 32.Rd7 g5 33.g4 Kg7 34.Bd4+ Kg6 35.Kf2 f6
36.Rb7 h5 37.gxh5+ Kxh5 38.Rb6 Rxb6 39.Bxb6 f5 40.Ke3 Kg4 41.Bd8 f4+ 42.Kxe4
f3 43.Ke3 Kg3 44.Bxg5 f2 45.Bh4+ Kxh4 46.Kxf2 Kg4 47.Ke3 Kg3 48.Kd4 Kf3 49.a4
Ke2 {#R} 0-1

[Event "Ch Croatia (team) (1st league) (b)"]
[Site "masterchessopen.com Sibenik (Croatia)"]
[Date "2008.09.01"]
[Round "5"]
[White "Franic Milan (CRO)"]
[Black "Bender Ivan (CRO)"]
[Result "1-0"]
[WhiteElo "2393"]
[BlackElo "2302"]

1.d4 Nf6 2.c4 e6 3.Nc3 Bb4 4.e3 O-O 5.Bd3 d5 6.Nf3 c5 7.O-O Nc6 8.a3 Bxc3
9.bxc3 Qc7 10.h3 Na5 11.cxd5 exd5 12.a4 Re8 13.Ba3 c4 14.Bc2 Ne4 15.Bb4 Nc6
16.Bxe4 Rxe4 17.Rb1 Bf5 18.Ba3 Qd7 19.Rb5 Rd8 20.Nh2 b6 21.Re1 Rh4 22.f3 Re8
23.Qd2 Rh6 24.Qf2 Rf6 25.Nf1 Na5 26.Ng3 Bg6 27.e4 dxe4 28.f4 e3 29.Rxe3 Rxe3
30.Qxe3 Re6 31.Re5 Bc2 32.f5 Rxe5 33.Qxe5 h6 34.f6 gxf6 35.Qxf6 Qe6 36.Qf4 Kh7
37.Bf8 Qg6 38.d5 Bxa4 39.h4 h5 40.Ne4 Kh8 41.Bd6 f5 42.Qe5+ Kh7 43.Nf6+ Kh8
44.Nxh5+ Kh7 45.Qe7+ Kh6 46.Nf4 Qg4 47.Qf7 {#r} 1-0

[Event "It (open)"]
[Site "masterchessopen.com Metz (France)"]
[Date "2009.04.11"]
[Round "1"]
[White "Maruejols Claude (FRA)"]
[Black "Balogh Csaba (HUN)"]
[Result "0-1"]
[WhiteElo "2044"]
[BlackElo "2595"]

1.d4 Nf6 2.c4 e6 3.Nc3 Bb4 4.e3 O-O 5.Bd3 d5 6.Nf3 c5 7.O-O Nc6 8.a3 Bxc3
9.bxc3 Qc7 10.cxd5 exd5 11.a4 Re8 12.Ba3 c4 13.Bc2 Qa5 14.Qe1 Ne4 15.Rc1 h6
16.Bd1 Bf5 17.Nh4 Bh7 18.f3 Nf6 19.g4 Bd3 20.Rf2 Re6 21.Ra1 Rae8 22.Ng2 h5
23.g5 Nh7 24.h4 g6 25.Rb2 Qc7 26.Rb5 Qd7 27.Bc1 a6 28.Rb2 Na5 29.Qf2 Nf8
30.Nf4 Rc6 31.Rd2 Bf5 32.e4 dxe4 33.fxe4 Rxe4 34.d5 Rc8 35.Rb2 Rce8 36.Bd2 Nb3
37.Bxb3 cxb3 38.Rxb3 Rxa4 39.Rxa4 Qxa4 40.Rxb7 Qd1+ 41.Kh2 Nd7 42.Kg3 Qg4+
43.Kh2 Ne5 {#R} 0-1

[Event "It \"]
[Site "masterchessopen.com Alushta (Ukraine)"]
[Round "6"]
[White "Kashlinskaya Alina (RUS)"]
[Black "Belikov Vladimir (RUS)"]
[Result "0-1"]
[WhiteElo "2346"]
[BlackElo "2506"]

1.d4 Nf6 2.c4 e6 3.Nc3 Bb4 4.e3 O-O 5.Bd3 d5 6.Nf3 c5 7.O-O Nc6 8.a3 Bxc3
9.bxc3 Qc7 10.Qc2 Na5 11.cxd5 c4 12.Be2 exd5 13.Nd2 Bg4 14.Re1 Rfe8 15.Bxg4
Nxg4 16.Nf1 Nf6 17.f3 Qc6 18.Bd2 Nb3 19.Rad1 Qa4 20.e4 dxe4 21.fxe4 Nc5
22.Qxa4 Nxa4 23.Ng3 b5 24.Rc1 h6 25.Rb1 a6 26.Kf2 Rad8 27.Re2 Re6 28.Kf3 Nd7
29.Nf5 h5 30.h3 g6 31.Ne3 Nf6 32.Nd1 Rde8 33.Nf2 Nd5 34.Ree1 Ndxc3 35.Rbc1
Rf6+ 36.Kg3 h4+ 37.Kh2 Rxf2 38.Bxc3 Nxc3 39.Rxc3 Rd2 {#R} 0-1

[Event "It (cat.8)"]
[Site "masterchessopen.com Budapest (Hungary)"]
[Date "2009.06.06"]
[Round "1"]
[White "Kovacs G_ (HUN)"]
[Black "Solomon Kenny (RSA)"]
[Result "1-0"]
[WhiteElo "2514"]
[BlackElo "2351"]

1.d4 Nf6 2.c4 e6 3.Nc3 Bb4 4.e3 O-O 5.Nf3 d5 6.Bd3 c5 7.O-O Nc6 8.a3 Bxc3
9.bxc3 Qc7 10.Bb2 Na5 11.cxd5 exd5 12.Ne5 c4 13.Bc2 Ne4 14.f3 Nd6 15.a4 f6
16.Ba3 Re8 17.f4 Ne4 18.Bxe4 dxe4 19.Qh5 Be6 20.f5 Bf7 21.Ng6 Rad8 22.Rf4 h6
23.Rg4 Rd5 24.Rf1 Qd7 25.Qh3 Nc6 26.Nf4 Rxf5 27.Qxh6 Bh5 28.Rg3 Rg5 29.Rxg5
fxg5 30.Qxg5 Bf7 31.Ne2 Nd8 32.Ng3 Ne6 33.Qg4 Nf8 34.Nf5 Be6 35.Bxf8 {#r} 1-0

[Event "It (active)"]
[Site "masterchessopen.com Hustopece (Czech Republic)"]
[Date "2009.06.06"]
[Round "3"]
[White "Bernasek Jan (CZE)"]
[Black "Laznicka Viktor (CZE)"]
[Result "0-1"]
[WhiteElo "2470"]
[BlackElo "2617"]

1.d4 Nf6 2.c4 e6 3.Nf3 d5 4.Nc3 Bb4 5.e3 O-O 6.Bd3 c5 7.O-O Nc6 8.a3 Bxc3
9.bxc3 Qc7 10.h3 Na5 11.cxd5 exd5 12.a4 Re8 13.Bb2 Ne4 14.Nd2 Bf5 15.Nxe4 Bxe4
16.Bb5 Re6 17.f3 Bf5 18.e4 dxe4 19.fxe4 Bxe4 20.dxc5 Rd8 21.Qh5 Bxg2 22.Kxg2
Rd2+ 23.Rf2 Rxf2+ 24.Kxf2 Qh2+ 25.Kf1 Rf6+ 26.Ke1 Qxb2 {#R} 0-1

[Event "It (open)"]
[Site "masterchessopen.com Balatonlelle (Hungary)"]
[Date "2009.06.13"]
[Round "1"]
[White "Koffler Daniel (AUT)"]
[Black "Berczes David (HUN)"]
[Result "1-0"]
[WhiteElo "2251"]
[BlackElo "2519"]

1.d4 Nf6 2.c4 e6 3.Nc3 Bb4 4.e3 O-O 5.Bd3 d5 6.Nf3 c5 7.O-O Nc6 8.a3 Bxc3
9.bxc3 Qc7 10.Bb2 Na5 11.cxd5 exd5 12.Ne5 c4 13.Bb1 Ne4 14.f3 Nd6 15.a4 Nb3
16.Ra2 f6 17.Ba3 fxe5 18.dxe5 Nf7 19.Bxf8 Kxf8 20.f4 Qc5 21.Bxh7 Nh6 22.Kh1
Bg4 23.Qe1 Re8 24.Qh4 Qe7 25.Qg5 Nc5 26.h3 Bd7 27.g4 Qe6 28.Rg2 Ne4 29.Bxe4
dxe4 30.Rd2 Nf7 31.Qh4 Bxa4 32.f5 Qxe5 33.f6 Qg5 34.fxg7+ Kg8 35.Qh5 Qxh5
36.gxh5 Re5 37.Rg2 Re7 38.h6 {#r} 1-0

[Event "It (open)"]
[Site "masterchessopen.com Creon (France)"]
[Date "2009.08.01"]
[Round "8"]
[White "Nguyen Chi-Minh (FRA)"]
[Black "Mohota Nisha (IND)"]
[Result "1-0"]
[WhiteElo "2447"]
[BlackElo "2315"]

1.d4 d5 2.c4 e6 3.Nc3 Bb4 4.e3 c5 5.Nf3 Nf6 6.a3 Bxc3+ 7.bxc3 O-O 8.Bd3 Nc6
9.O-O Qc7 10.cxd5 exd5 11.a4 Re8 12.Ba3 c4 13.Bc2 Ne4 14.Bxe4 Rxe4 15.Nd2 Re8
16.e4 Be6 17.f3 f5 18.Qc2 Qd7 19.Rae1 a6 20.Re2 b5 21.Bc5 bxa4 22.Rfe1 fxe4
23.fxe4 dxe4 24.Nxe4 Bd5 25.Nd6 Red8 26.Qxa4 h6 27.Qc2 Qg4 28.Nf5 Bf7 29.Nd6
Rxd6 30.Bxd6 Nxd4 31.cxd4 Qxd4+ 32.Rf2 Qxd6 33.Rxf7 Kxf7 34.Qxc4+ Kf6 35.Rf1+
Kg5 36.h4+ Kh5 37.Qe2+ {#r} 1-0

[Event "It \"]
[Site "masterchessopen.com Coulsdon (England)"]
[Date "2009.08.22"]
[Round "1"]
[White "Warner Dominic (ENG)"]
[Black "Clegg Christopher (ENG)"]
[Result "0-1"]
[WhiteElo "1581"]
[BlackElo "1939"]

1.d4 e6 2.c4 Nf6 3.Nc3 Bb4 4.e3 O-O 5.Nf3 d5 6.Bd3 c5 7.a3 Bxc3+ 8.bxc3 Nc6
9.O-O Qc7 10.Bb2 Rd8 11.Qc2 dxc4 12.Bxc4 Na5 13.Ne5 Nxc4 14.Nxc4 b6 15.Qb3 Bb7
16.f3 Rac8 17.Rac1 Ba6 18.Qa4 Qb7 19.Qb3 Bxc4 20.Qxc4 cxd4 21.Qe2 d3 22.Qd2
Qd5 23.c4 Rxc4 24.Bd4 Rdc8 25.Rxc4 Qxc4 26.Rd1 Rd8 27.Rc1 Qd5 28.f4 Qe4 29.Rc4
Nd5 30.Bxb6 Qxc4 31.Bxd8 Qc2 32.Ba5 Qxd2 33.Bxd2 Nb6 34.Kf2 Nc4 35.Bb4 f5
36.a4 Kf7 37.Bc5 a6 38.Bd4 g6 39.h3 Ke7 40.Bc5+ Kd7 41.g4 Kc6 42.Bd4 Kd5
43.gxf5 gxf5 44.h4 h5 45.Ke1 Ke4 46.Kf2 e5 47.fxe5 Nxe5 48.Bxe5 Kxe5 49.Kf3
Kd5 {#R} 0-1

[Event "Ch Spain"]
[Site "masterchessopen.com Palma de Majorca (Spain)"]
[Date "2009.09.26"]
[Round "1"]
[White "Pons Cristobal (ESP)"]
[Black "Lopez Martinez Josep Manuel (ESP)"]
[Result "0-1"]
[WhiteElo "2119"]
[BlackElo "2555"]

1.d4 Nf6 2.c4 e6 3.Nc3 Bb4 4.a3 Bxc3+ 5.bxc3 c5 6.Nf3 Nc6 7.e3 O-O 8.Bd3 d5
9.O-O Qc7 10.Bb2 Na5 11.cxd5 c4 12.Bc2 exd5 13.Ne5 Ne4 14.f3 Nd6 15.a4 f6
16.Ng4 Re8 17.Re1 Bxg4 18.fxg4 Ne4 19.Bxe4 Rxe4 20.Qf3 Rae8 21.Re2 Qd7 22.h3
Nb3 23.Rf1 Qxa4 24.Qf5 Qc6 25.g5 R8e6 26.g6 hxg6 27.Qxg6 Rxe3 28.Rxe3 Rxe3
29.Ba3 Qe6 30.Rf5 Re1+ 31.Kh2 Nd2 32.h4 Nf1+ {#R} 0-1

[Event "Cup Russia (w)"]
[Site "masterchessopen.com St. Petersburg (Russia)"]
[Date "2009.11.05"]
[Round "2"]
[White "Kashlinskaya Alina (RUS)"]
[Black "Kovanova Baira (RUS)"]
[Result "1-0"]
[WhiteElo "2346"]
[BlackElo "2406"]

1.d4 Nf6 2.c4 e6 3.Nc3 Bb4 4.e3 O-O 5.Bd3 c5 6.Nf3 d5 7.O-O Nc6 8.a3 Bxc3
9.bxc3 Qc7 10.a4 Re8 11.Ba3 dxc4 12.Bxc4 Rd8 13.Qe2 Na5 14.Bd3 b6 15.e4 e5
16.Nxe5 Bb7 17.Rac1 Nb3 18.Rb1 cxd4 19.Nxf7 Qxf7 20.Bc4 Bd5 21.exd5 Na5 22.Ba2
Nxd5 23.cxd4 Kh8 24.Rfe1 Qd7 25.Qf3 Qb7 26.Re5 Nf6 27.Qxb7 Nxb7 28.d5 Rac8
29.h3 Rc3 30.Be7 Rdc8 31.d6 Nd7 32.Rf5 Rd3 33.Be6 Nbc5 34.Rxc5 Rxc5 35.Bxd7
Re5 36.Rc1 h6 37.Bb5 Rd2 38.d7 {#r} 1-0

[Event "It \"]
[Site "masterchessopen.com Uljanovsk (Russia)"]
[Date "2010.01.04"]
[Round "1"]
[White "Fedechkin Vladimir (RUS)"]
[Black "Parshakov Vladimir (RUS)"]
[Result "1-0"]
[WhiteElo "2080"]
[BlackElo "2006"]

1.d4 Nf6 2.c4 e6 3.Nc3 Bb4 4.a3 Bxc3+ 5.bxc3 c5 6.e3 O-O 7.Bd3 d5 8.Nf3 Nc6
9.O-O Qc7 10.cxd5 exd5 11.h3 Ne4 12.Qc2 f5 13.c4 Be6 14.dxc5 Nxc5 15.cxd5 Nxd3
16.dxe6 Nxc1 17.Raxc1 Qe7 18.Rb1 Rab8 19.Qc4 Rfe8 20.Rb5 g6 21.Rfb1 a6 22.Rb6
Qxa3 23.e7+ Kg7 24.Rxb7 Rxb7 25.Rxb7 Qa1+ 26.Kh2 Na5 27.Qxa6 Qc3 28.Qb5 Qc6
29.Qe5+ Kh6 30.Rb4 Nc4 31.Qf4+ Kg7 32.Rxc4 Qe6 33.Ng5 Qf6 34.Qd4 Rxe7 35.Qxf6+
Kxf6 36.Nf3 {#r} 1-0

[Event "Ch Europe (seniors) (team)"]
[Site "masterchessopen.com Dresden (Germany)"]
[Date "2010.02.16"]
[Round "7"]
[White "Lechtynsky Jiri (CZE)"]
[Black "Weber Bernd Dr (GER)"]
[Result "1-0"]
[WhiteElo "2380"]
[BlackElo "2144"]

1.c4 Nf6 2.Nf3 e6 3.Nc3 d5 4.d4 Bb4 5.e3 O-O 6.Bd3 c5 7.O-O Nc6 8.a3 Bxc3
9.bxc3 Qc7 10.cxd5 exd5 11.h3 c4 12.Bc2 Ne7 13.Nh2 Bf5 14.f3 Rfe8 15.Rf2 Bxc2
16.Qxc2 Ng6 17.Bd2 Re6 18.a4 Rae8 19.Nf1 Ra6 20.Rb1 Rb6 21.Rb4 a5 22.Rxb6 Qxb6
23.Bc1 Qc6 24.Qa2 Nd7 25.Rb2 b6 26.Rb5 f5 27.Qc2 Ne7 28.Ng3 Qg6 29.Kf2 Qf7
30.Kg1 Qg6 31.Ne2 Qc6 32.Ng3 Qg6 33.Kf2 Qf7 34.Qb1 g6 35.Ne2 Nc8 36.Nf4 Nf6
37.h4 Rd8 38.Ba3 Ne8 39.g3 Qb7 40.Rxb6 Nxb6 {#r} 1-0

[Event "It (open)"]
[Site "masterchessopen.com Bhubaneswar (India)"]
[Date "2010.05.26"]
[Round "7"]
[White "Lahiri Atanu (IND)"]
[Black "Aleksandrov Aleksej (BLR)"]
[Result "0-1"]
[WhiteElo "2341"]
[BlackElo "2647"]

1.d4 Nf6 2.c4 e6 3.Nc3 Bb4 4.e3 O-O 5.Bd3 d5 6.Nf3 c5 7.O-O Nc6 8.a3 Bxc3
9.bxc3 Qc7 10.cxd5 exd5 11.a4 c4 12.Bc2 Re8 13.Ba3 Bg4 14.Qe1 Bh5 15.Nh4 Ng4
16.g3 Na5 17.Nf5 Bg6 18.Qe2 h5 19.Kg2 Qd7 20.Qf3 Nf6 21.Qf4 Nb3 22.Ra2 Ne4
23.Nd6 Nxc3 24.Bxg6 fxg6 25.Nxe8 Rxe8 26.Rc2 Ne4 27.h4 Qxa4 28.Ra2 b5 {#R} 0-1

[Event "Ch Bosnia & Herzegovina (team)"]
[Site "masterchessopen.com Bihac (Bosnia & Herzegovina)"]
[Date "2010.06.06"]
[Round "2"]
[White "Timofeev Artyom (RUS)"]
[Black "Brkic Ante (CRO)"]
[Result "1-0"]
[WhiteElo "2690"]
[BlackElo "2564"]

1.d4 Nf6 2.c4 e6 3.Nc3 Bb4 4.e3 O-O 5.Bd3 d5 6.Nf3 c5 7.O-O Nc6 8.a3 Bxc3
9.bxc3 Qc7 10.Bb2 Na5 11.cxd5 exd5 12.Ne5 c4 13.Bc2 Ne4 14.f3 Nd6 15.a4 f6
16.Ba3 Rd8 17.Ng4 Bxg4 18.fxg4 Nb3 19.Ra2 Re8 20.g5 f5 21.Bxf5 Nxf5 22.Rxf5
Qd7 23.Qf3 Qxa4 24.g6 Rad8 25.Bf8 Qd7 26.Rf7 Qe6 27.Rxg7+ Kh8 28.Rxh7+ {#r}
1-0

[Event "It \"]
[Site "masterchessopen.com Hamburg (Germany)"]
[Date "2010.07.11"]
[Round "2"]
[White "Brandl Lea Maria (GER)"]
[Black "Baczinski Wolfgang (GER)"]
[Result "0-1"]
[WhiteElo "1542"]
[BlackElo "1992"]

1.d4 Nf6 2.c4 e6 3.Nf3 d5 4.Nc3 Bb4 5.e3 O-O 6.a3 Bxc3+ 7.bxc3 c5 8.Bd3 Nc6
9.O-O Qc7 10.cxd5 exd5 11.h3 c4 12.Bc2 Re8 13.Re1 Ne4 14.Bb2 Be6 15.Bxe4 dxe4
16.Nd2 Bd5 17.Qe2 b5 18.Rab1 Re6 19.Nf1 Ne7 20.Ng3 Ng6 21.Rec1 Rf6 22.Ba1 a6
23.Qd1 Qc6 24.Qg4 Ne7 25.Rc2 Rg6 26.Qe2 Be6 27.Rd2 f5 28.Kh1 Nd5 29.Re1 Rf8
30.Rdd1 f4 31.exf4 Nxf4 32.Qe3 Bd5 33.Kg1 Qe6 34.Kh2 h5 35.Rg1 h4 36.Ne2 Qd6
37.Kh1 Nd3 38.Rdf1 Qxa3 39.Kh2 Qd6+ 40.Kh1 a5 41.Nc1 b4 42.Nxd3 exd3 43.Qd2
Rf3 {#R} 0-1

[Event "Ch Austria"]
[Site "masterchessopen.com Vienna (Austria)"]
[Date "2010.07.24"]
[Round "1"]
[White "Baumegger Siegfried (AUT)"]
[Black "Strauss Anton (AUT)"]
[Result "1-0"]
[WhiteElo "2398"]
[BlackElo "2170"]

1.d4 Nf6 2.c4 e6 3.Nf3 d5 4.Nc3 Bb4 5.e3 c5 6.Bd3 Nc6 7.O-O O-O 8.a3 Bxc3
9.bxc3 Qc7 10.cxd5 exd5 11.a4 Re8 12.Ba3 b6 13.dxc5 Ne5 14.cxb6 Qxc3 15.Bb5
Bd7 16.Nxe5 Qxe5 17.Bxd7 Nxd7 18.b7 Rab8 19.Rb1 Nb6 20.a5 Nc4 21.Bc5 Nxa5
22.Qa4 {#r} 1-0

[Event "Ch Spain (team) (1 Div) (Gr. A)"]
[Site "masterchessopen.com Burguillos (Spain)"]
[Date "2010.08.09"]
[Round "1"]
[White "Wojtaszek Radoslaw (POL)"]
[Black "Rusev Krasimir (BUL)"]
[Result "1-0"]
[WhiteElo "2711"]
[BlackElo "2524"]

1.d4 Nf6 2.c4 e6 3.Nc3 Bb4 4.e3 O-O 5.Bd3 d5 6.Nf3 c5 7.O-O Nc6 8.a3 Bxc3
9.bxc3 Qc7 10.h3 Na5 11.cxd5 exd5 12.Ne5 c4 13.Bc2 Ne4 14.f3 Nxc3 15.Qe1 Nb5
16.Qh4 f5 17.a4 Nd6 18.Ba3 Be6 19.g4 Rad8 20.Kh1 Nc6 21.Rg1 Qe7 22.Qg3 Bc8
23.Rg2 a5 24.gxf5 Bxf5 25.Rag1 Nb4 26.Qxg7+ Qxg7 27.Rxg7+ Kh8 28.Bxf5 Rxf5
29.Re7 Rh5 30.Kh2 Rh6 31.Rxb7 Rg8 32.Rxg8+ Kxg8 33.Ra7 Nc2 34.Bc1 Nf5 35.e4
Nfe3 36.Rxa5 Rb6 37.Rb5 Rd6 38.a5 dxe4 39.fxe4 c3 40.d5 Nf1+ 41.Kg1 Nd2 42.Rb6
Rd8 43.a6 Ra8 44.d6 Nxe4 45.d7 {#r} 1-0

[Event "It (open)"]
[Site "masterchessopen.com Kuala Lumpur (Malaysia)"]
[Date "2010.09.02"]
[Round "3"]
[White "Nadanian Ashot (ARM)"]
[Black "Xiu Deshun (CHN)"]
[Result "1-0"]
[WhiteElo "2411"]
[BlackElo "2521"]

1.d4 Nf6 2.c4 e6 3.Nf3 d5 4.Nc3 Bb4 5.e3 O-O 6.Bd3 c5 7.O-O Nc6 8.a3 Bxc3
9.bxc3 Qc7 10.cxd5 exd5 11.Nd2 Re8 12.Re1 Na5 13.Bb2 Ne4 14.Bxe4 dxe4 15.c4
cxd4 16.Bxd4 Bf5 17.c5 Rad8 18.Rc1 Re6 19.Nf1 Nc6 20.Ng3 Bg6 21.Qa4 h5 22.Ne2
h4 23.Bc3 Bf5 24.Nf4 Rh6 25.h3 g5 26.Ne2 Kh7 27.Rcd1 Rg8 28.Rd5 Ne7 29.Rxf5
Nxf5 30.Qxe4 Qxc5 31.Be5 Rhg6 32.Rc1 Qb5 33.Qxf5 f6 34.Rc7+ Kh6 35.Nd4 {#r}
1-0

[Event "It (cat.6)"]
[Site "masterchessopen.com Haifa (Israel)"]
[Date "2010.12.06"]
[Round "6"]
[White "Zilberman Yaacov (ISR)"]
[Black "Battaglini Gabriel (FRA)"]
[Result "1-0"]
[WhiteElo "2462"]
[BlackElo "2429"]

1.d4 Nf6 2.c4 e6 3.Nc3 Bb4 4.e3 O-O 5.Bd3 d5 6.Nf3 c5 7.O-O Nc6 8.a3 Bxc3
9.bxc3 Qc7 10.cxd5 exd5 11.Nh4 c4 12.Bc2 Ne4 13.Qe1 Qd8 14.g3 Bh3 15.Ng2 Nd6
16.f3 Qa5 17.Rf2 Rfe8 18.Re2 Bf5 19.e4 dxe4 20.fxe4 Bxe4 21.Bxe4 Nxe4 22.Rxe4
Rxe4 23.Qxe4 Qxc3 24.Rb1 Qxd4+ 25.Qxd4 Nxd4 26.Be3 Nb3 27.Kf2 b5 28.Ne1 a5
29.Nc2 f6 30.Nd4 Nxd4 31.Bxd4 Rd8 32.Bc3 Rd3 33.Bxa5 Rxa3 34.Rxb5 Ra2+ 35.Kg1
Kf7 36.Rc5 Rc2 37.Rc7+ Kg6 38.Bb4 Kf5 39.Rxg7 h5 40.Re7 Rb2 41.Bc3 Rc2 42.Re3
Kg5 43.Rf3 f5 44.Bd4 Re2 45.Rc3 {#r} 1-0

[Event "Extra League 2010/11"]
[Site "masterchessopen.com Czech Republic"]
[Date "2011.01.09"]
[Round "5"]
[White "Zilka Stepan (CZE)"]
[Black "Babula Vlastimil (CZE)"]
[Result "1-0"]
[WhiteElo "2517"]
[BlackElo "2572"]

1.d4 Nf6 2.c4 e6 3.Nc3 Bb4 4.e3 O-O 5.Bd3 d5 6.Nf3 c5 7.O-O Nc6 8.a3 Bxc3
9.bxc3 Qc7 10.cxd5 exd5 11.a4 Re8 12.Ba3 c4 13.Bc2 Bg4 14.Qe1 Bxf3 15.gxf3 Nh5
16.Kh1 Qd7 17.Rg1 Qh3 18.Qd1 Re6 19.Rb1 b6 20.Rg5 Rh6 21.Kg1 Re8 22.Bf5 Qh4
23.Rg4 Qd8 24.Bc2 Rhe6 25.Qf1 g6 26.Qh3 Kh8 27.Rh4 Ne7 28.Kh1 Ng8 29.Bf5 Ngf6
30.Bxe6 Rxe6 31.a5 Qe8 32.axb6 axb6 33.Bb4 Qa4 34.Rg1 Qc2 35.Qg2 Ng7 36.Ra1
Nf5 37.Rf4 Re8 38.e4 dxe4 39.Rxf5 gxf5 40.Qg5 Nh5 41.Qxh5 Qb2 42.Rg1 Qxf2
43.Qxf5 {#r} 1-0

[Event "Memorial Antonio Rocha (cat.8)"]
[Site "masterchessopen.com Campinas (Brazil)"]
[Date "2011.01.14"]
[Round "2"]
[White "Di Berardino Diego Rafael (BRA)"]
[Black "Tsuboi Edson Kenji (BRA)"]
[Result "1-0"]
[WhiteElo "2483"]
[BlackElo "2350"]

1.d4 Nf6 2.c4 e6 3.Nc3 Bb4 4.e3 O-O 5.Bd3 d5 6.Nf3 c5 7.O-O Nc6 8.a3 Bxc3
9.bxc3 Qc7 10.cxd5 exd5 11.a4 Re8 12.Ba3 c4 13.Bc2 Bg4 14.Qe1 Qd7 15.Nh4 g5
16.f3 Be6 17.Qg3 h6 18.f4 Nh5 19.Qf2 gxf4 20.exf4 f5 21.Rae1 Ng7 22.Re3 Kh7
23.g4 Kh8 24.Rg3 Rg8 25.Kh1 Rad8 26.Rh3 Qf7 27.Rg1 fxg4 28.Ng6+ Qxg6 29.Bxg6
gxh3 30.Qh4 Nf5 31.Qf6+ Ng7 32.Bc2 {#r} 1-0

[Event "Ch China (w)"]
[Site "masterchessopen.com Xinghua Jiangsu (China)"]
[Date "2011.03.30"]
[Round "1"]
[White "Tan Zhongyi (CHN)"]
[Black "Guo Qi (CHN)"]
[Result "1-0"]
[WhiteElo "2429"]
[BlackElo "2367"]

1.d4 d5 2.c4 e6 3.Nf3 Nf6 4.Nc3 Bb4 5.e3 O-O 6.Bd3 c5 7.O-O Nc6 8.a3 Bxc3
9.bxc3 Qc7 10.a4 Rd8 11.Ba3 dxc4 12.Bxc4 Na5 13.Bd3 b6 14.e4 e5 15.Nxe5 cxd4
16.cxd4 Rxd4 17.Nf3 Bg4 18.e5 Rad8 19.Bd6 R4xd6 20.exd6 Rxd6 21.h3 Be6 22.Qe2
g6 23.Ng5 Bd5 24.Rac1 Qd7 25.Bb5 Qd8 26.Rc3 Nb3 27.Rd1 Nc5 28.Re3 h6 29.Nf3
Kg7 30.Ne5 Qa8 31.Qb2 Kh7 32.Nxf7 Bxf7 33.Rxd6 Nfe4 34.Bc6 Qf8 35.Rd1 {#r} 1-0

[Event "Ch SibFO (open)"]
[Site "masterchessopen.com Barnaul (Russia)"]
[Date "2011.05.20"]
[Round "1"]
[White "Dashiev Kim (RUS)"]
[Black "Smirnov Pavel (RUS)"]
[Result "0-1"]
[WhiteElo "2127"]
[BlackElo "2580"]

1.Nf3 Nf6 2.c4 e6 3.Nc3 d5 4.d4 Bb4 5.e3 O-O 6.Bd3 c5 7.O-O Nc6 8.a3 Bxc3
9.bxc3 Qc7 10.Qe2 Na5 11.Ne5 Ne4 12.cxd5 exd5 13.c4 cxd4 14.exd4 Nb3 15.cxd5
Nc3 16.Bxh7+ Kxh7 17.Qc2+ Kg8 18.Qxb3 Ne2+ 19.Kh1 Nxd4 20.Qg3 Nf5 21.Qf4 Rd8
22.Rd1 Qc3 23.Bd2 Qb3 24.Qc4 Qb6 25.Bc3 Qxf2 26.Rf1 Qb6 27.Bb4 Ne3 28.Qf4 Nf5
29.Rac1 Rxd5 30.Rxc8+ Rxc8 31.Qxf5 Qc7 32.Bc3 Re8 33.Qf2 f6 34.Qa2 Rd8 35.Nc4
Qf7 36.Bb4 Rd4 {#R} 0-1

[Event "Ch France (team) 2011"]
[Site "masterchessopen.com Mulhouse (France)"]
[Date "2011.05.28"]
[Round "3"]
[White "Pira Davoud (FRA)"]
[Black "Miton Kamil (POL)"]
[Result "0-1"]
[WhiteElo "2382"]
[BlackElo "2628"]

1.d4 Nf6 2.Nf3 d5 3.c4 e6 4.Nc3 Bb4 5.e3 O-O 6.Bd3 c5 7.O-O Nc6 8.a3 Bxc3
9.bxc3 Qc7 10.cxd5 exd5 11.Bb2 c4 12.Bc2 Bg4 13.Qb1 Rfe8 14.Nd2 Bh5 15.Re1 Bg6
16.f3 b5 17.Bxg6 hxg6 18.e4 a5 19.Nf1 dxe4 20.fxe4 Rad8 21.Qc2 b4 22.axb4 axb4
23.Ng3 bxc3 24.Bxc3 Nxd4 25.Qb2 Nb3 26.Rad1 Qc5+ 27.Kh1 Ng4 28.Rxd8 Rxd8
29.Rf1 Nd2 {#R} 0-1

[Event "It (cat.9)"]
[Site "masterchessopen.com Krakow (Poland)"]
[Date "2011.07.09"]
[Round "8"]
[White "Kanarek Marcel (POL)"]
[Black "Fauland Alexander (AUT)"]
[Result "1-0"]
[WhiteElo "2444"]
[BlackElo "2452"]

1.d4 Nf6 2.c4 e6 3.Nc3 Bb4 4.e3 O-O 5.Bd3 d5 6.Nf3 c5 7.O-O Nc6 8.a3 Bxc3
9.bxc3 Qc7 10.h3 Re8 11.a4 Bd7 12.Ba3 cxd4 13.cxd4 Rad8 14.cxd5 exd5 15.Qc2
Qc8 16.Rfc1 Bxh3 17.Ng5 Be6 18.Bxh7+ Kh8 19.Nxe6 fxe6 20.Bg6 Rd7 21.f3 Red8
22.g4 Qb8 23.Qg2 Kg8 24.Qh3 Nxd4 25.Kg2 {#r} 1-0

[Event "Ch Paris (open)"]
[Site "masterchessopen.com Paris (France)"]
[Date "2011.07.09"]
[Round "8"]
[White "Kashlinskaya Alina (RUS)"]
[Black "Roser Kevin (FRA)"]
[Result "0-1"]
[WhiteElo "2385"]
[BlackElo "2444"]

1.d4 Nf6 2.c4 e6 3.Nc3 Bb4 4.e3 O-O 5.Bd3 c5 6.Nf3 d5 7.O-O Nc6 8.a3 Bxc3
9.bxc3 Qc7 10.Bb2 Na5 11.cxd5 exd5 12.Ne5 c4 13.Bc2 Ne4 14.f3 Nd6 15.a4 f6
16.Ba3 Re8 17.Ng4 Bxg4 18.fxg4 Ne4 19.Rf5 Qd7 20.Qf3 Nb3 21.Rd1 Nxc3 22.g5
Nxd1 23.gxf6 Rxe3 24.Qxd1 gxf6 25.Rxf6 Rae8 26.Rf1 Re2 27.Bxb3 Qg4 28.g3 Qe4
{#R} 0-1